• 首页
  • 本馆介绍
  • 公告通知
  • 最新文献
  • 馆藏检索
  • 电子资源
  • 读者导购
  • 参考咨询
  • 我的图书馆
  • 登录
  • 详细信息显示
  • 放入我的书架
  • 预约/预借图书
  • 作者相关作品
  • 分类相关作品
  • 丛书相关作品
  • 出版社相关作品

书目信息

  • 表格格式
  • 工作单格式
  • 卡片格式
题名:
微波技术
    
 
作者: 毛秀华 , 吴明英 编
分册:  
出版信息: 西安   西北电讯工程学院出版社  1985
页数: 343页
开本: 26cm
丛书名:
单 册:
中图分类: TN015
科图分类:
主题词: 超高频技术 , 微波技术
电子资源:
ISBN:
000 00689nam0 2200265 45
001 0185020764
005 20060515155134.00
010    @dCNY4.40
091    @a15322.24
100    @a19900921d1985 em y0chiy0121 ea
101 0  @achi
102    @aCN@b610000
105    @ay z 000yy
200 10 @a微波技术@Awei bo ji shu@f吴明英, 毛秀华编@FWu Ming Ying,Mao Xiu Hua Bian
210    @a西安@c西北电讯工程学院出版社@d1985
215    @a343页@d26cm
300    @a高等学校教材
606 0  @a超高频技术
606    @a微波技术
690    @aTN015@v3 
701  0 @a毛秀华@4编
701  0 @a吴明英@4编
801  2 @aCN@bNLC@c20060515
801  0 @aCN@b深圳图书馆@c20040520
905    @dTN015@e23
    
    微波技术/吴明英, 毛秀华编.-西安:西北电讯工程学院出版社,1985
    343页;26cm
    高等学校教材
    
    ISBN :CNY4.40
    
●
相关链接 在E读中查询图书 在五车中查询图书 在当当中查询图书 在豆瓣中查询图书


正题名:微波技术     索取号:TN015/23         预约/预借

序号 登录号 条形码 馆藏地/架位号 状态 备注
1 0138263   202354736   密集书库/ [索取号:TN015/23] 在馆    
2 0138264   001348740   第三借阅区/ [索取号:TN015/23] 在馆    
3 0138265   001348704   第二样本阅览室/ [索取号:TN015/23] 在馆    
唐山师范学院图书馆 欢迎您!
大连网信软件有限公司© 版权所有